00506nam a2200193 a 4500001001300000003000900013005001700022008004100039020002300080082001700103100002000120245002400140260003600164300001000200500003500210505002100245650002600266700002000292nice12345678IN_TiNIC20260116014415.0140902s2005 dela grp 000 0 eng  a8186569545 c13000a294.543bZWE aZweers, Purnima aSpiritual Education aDelhi bFirst Impression c2005 a223p  aincludes index and biblioraphy2 aglossary, biblio aSpirituality-Hinduism1 aZweers, Purnima